000 00497nam a2200181Ia 4500
001 16287
005 20260306170258.0
008 260306t2002||||xx |||||||||||||| ||und||
041 _aESP
082 _a347.6
_bB33
100 _aBeaumont Callirgos, Ricardo
_eAUT
245 0 _aComentarios a la nueva ley general del sistema concursal:
_banálisis artículo por artículo
260 _c2002
300 _a734 páginas :
_c23 cm.
650 _aGEN
654 _aCDE
942 _cLIB
_dJUS
_fJUS
_2ddc
_n
999 _c16287
_d16287